02607nam a2200409Ia 4500001000900000003000500009005001700014007000300031008004100034040001800075245016400093260003200257300007100289336002700360337002700387338002800414500004100442502008900483504002800572505089900600650004701499650004501546650004501591650002401636650005101660650005301711650005701764650004501821650004601866650002301912650004601935650003701981650003802018650003802056700005502094700004802149dia_3168CHAP20240228115823.0ta220117s2005 mx od f 001 0 spa d cCHAPamxchpua10aViaje de estudios : bVeracruz, Puebla y Tlaxcala /ccoordinadora María Ofelia Buendía González ; colaboradores Griselda Alcántara Sánchez...[et al.] aMéxico :bEl autor,c2005 ai, 146 hojas :bilustraciones, gráficas, mapas, diagramas, fotos 2rdacontentatextobtxt 2rdamediaasin mediobn 2rdacarrieravolumenbnc a4° año Grupo 1 Incluye directorio aViaje de Estudiosb(IA) --cUACh. Departamento de Ingeniería Agroindustrial,d2005 aIncluye bibliografías tEmpresas visitadas: -- 1. Cebadas y Maltas, S. A. de C. V. -- 2. Xochicualli: frutas y hortalizas deshidratadas -- 3. Galletera de Puebla, S. A. -- 4. ITALPASTA -- 5. Frigorífico La Brisas -- 6. Productos Agropecuarios Beristain, S. A. de C. V. -- 7. Rastro municipal de Tehuacán, Puebla -- 8. Frigorífico Papaloapan -- 9. FRUTAG, S. de P. R. de R. L. de C. V. -- 10. Compañía Cervecera del Trópico -- 11. Molinos Azteca de Veracruz, S. A. de C. V. -- 12. Transporte de carga Especializada, S. A. de C. V. -- 13. Centro Regional Universitario de Oriente -- 14. Licores La Fama, S. A. -- 15. Finca Cafetelera La Misión -- 16. Unión Regional de Pequeños Productores de Café, Agropecuaria, Forestal y de Agroindustrias de la zona de Huatusco, Veracruz, S. de S. S. -- 17. Avícola Alvor, S. A. de C. V. -- 18. Cervecería Cuauhtemoc Moctezuma, Planta Orizaba13aIndustria agrícolax zMéxicozPuebla13aIndustria agrícolazMéxicozTlaxcala13aIndustria agrícolazMéxicozVeracruz17aIndustria cervecera13aIndustria de los alimentos zMéxicozPuebla13aIndustria de los alimentos zMéxicozTlaxcala13aIndustria de los alimentos x zMéxicozVeracruz13aAgricultural industry zMexicozPuebla 13aAgricultural industry zMexicozTlaxcala13aBrewing industry 13aAgricultural industry zMexicozVeracruz13aFood industry zMexicozPuebla 13aFood industry zMexicozTlaxcala13aFood industry zMexicozVeracruz1 aBuendía González, María Ofeliaecoordinadora1 aAlcantara Sánchez, Griseldaecolaboradora